[Event "Xtracon GM"]
[Site "Borup"]
[Date "2010.09.03"]
[Round "1"]
[White "Tikkanen, Hans"]
[Black "Doluhanova, Evgeniya"]
[Result "1-0"]
[WhiteElo "2507"]
[BlackElo "2259"]
[PlyCount "81"]
[EventDate "2010.09.03"]
[EventType "swiss"]
[EventRounds "9"]
[EventCountry "DEN"]
[Source "ChessBase"]
[SourceDate "2010.10.29"]

1. d4 d5 2. c4 e6 3. Nc3 c6 4. Qd3 Nf6 5. Nf3 Nbd7 6. g3 Bd6 7. Bg2 dxc4 8.
Qxc4 e5 9. Bg5 exd4 10. Qxd4 Bc5 11. Qd2 h6 12. Bf4 Nh5 13. Bd6 Bxd6 14. Qxd6
Qe7 15. O-O-O Qxd6 16. Rxd6 Nhf6 17. e4 O-O 18. Rhd1 Nc5 19. Ne5 Ng4 20. Nxg4
Bxg4 21. R1d2 Rae8 22. f4 Bc8 23. b4 Ne6 24. f5 Nc7 25. g4 Re5 26. h4 Ne8 27.
R6d3 b6 28. Rg3 Nf6 29. Bf3 Nd7 30. g5 hxg5 31. hxg5 f6 32. Bd1 Kf7 33. Bb3+
Ke8 34. Be6 g6 35. Rgd3 fxg5 36. Bxd7+ Bxd7 37. Rxd7 gxf5 38. exf5 Rfxf5 39.
Rxa7 Rf3 40. Kb2 Ree3 41. Rh2 1-0

[Event "Xtracon GM"]
[Site "Borup"]
[Date "2010.09.03"]
[Round "1"]
[White "Wilton, Lars"]
[Black "Christensen, Henrik"]
[Result "1-0"]
[WhiteElo "2136"]
[BlackElo "2014"]
[PlyCount "73"]
[EventDate "2010.09.03"]
[EventType "swiss"]
[EventRounds "9"]
[EventCountry "DEN"]
[Source "ChessBase"]
[SourceDate "2010.10.29"]

1. d4 Nf6 2. Nf3 e6 3. c4 b6 4. g3 Bb7 5. Bg2 Be7 6. Nc3 O-O 7. Qc2 c5 8. d5
exd5 9. Nh4 Ne4 10. Nxe4 dxe4 11. Nf5 Nc6 12. O-O Nd4 13. Nxd4 cxd4 14. Bxe4
Bxe4 15. Qxe4 Bf6 16. Qd3 Rc8 17. Bd2 Re8 18. Rac1 h5 19. b3 Qe7 20. e3 Qe5 21.
Rfe1 Qe4 22. Qxe4 Rxe4 23. exd4 Rxe1+ 24. Rxe1 Bxd4 25. Kg2 Bf6 26. Bf4 Kh7 27.
Rd1 g5 28. Be3 Rc7 29. Rd5 Kg6 30. f4 gxf4 31. Bxf4 Rb7 32. Kf3 Be7 33. a4 f6
34. h3 Bf8 35. g4 hxg4+ 36. Kxg4 d6 37. h4 1-0

[Event "Xtracon GM"]
[Site "Borup"]
[Date "2010.09.04"]
[Round "2"]
[White "Akdag, Dara Sevkan"]
[Black "Hoi, Carsten"]
[Result "0-1"]
[WhiteElo "2171"]
[BlackElo "2419"]
[PlyCount "92"]
[EventDate "2010.09.03"]
[EventType "swiss"]
[EventRounds "9"]
[EventCountry "DEN"]
[Source "ChessBase"]
[SourceDate "2010.10.29"]

1. Nf3 Nf6 2. c4 d6 3. d4 Bg4 4. Nc3 g6 5. e4 Nc6 6. Be2 Bg7 7. Be3 O-O 8. h3
Bxf3 9. Bxf3 e5 10. d5 Nd4 11. g4 c6 12. Bg2 Qa5 13. O-O c5 14. Qd2 a6 15. f4
exf4 16. Bxf4 Qc7 17. Bh6 Nd7 18. Bxg7 Kxg7 19. Qf2 Qd8 20. b4 b6 21. bxc5 bxc5
22. Rab1 Rb8 23. Rxb8 Qxb8 24. e5 dxe5 25. Ne4 f6 26. Qd2 Qb6 27. Nc3 Rb8 28.
Rb1 Qa5 29. Rxb8 Nxb8 30. Kh2 Nd7 31. Qb2 Qb6 32. Qa3 f5 33. Qc1 h6 34. gxf5
gxf5 35. Qe1 Qg6 36. Ne2 Nxe2 37. Qxe2 Qd6 38. Qh5 e4+ 39. Kh1 Qe5 40. Qd1 Qd4
41. Qe1 Kf7 42. Qg3 Qa1+ 43. Kh2 Qe5 44. Bf1 Kf6 45. Be2 Qxg3+ 46. Kxg3 Ke5 0-1

[Event "Xtracon GM"]
[Site "Borup"]
[Date "2010.09.04"]
[Round "2"]
[White "Andersen, Daniel"]
[Black "Kokholm, Daniel"]
[Result "1-0"]
[WhiteElo "1940"]
[BlackElo "1951"]
[PlyCount "63"]
[EventDate "2010.09.03"]
[EventType "swiss"]
[EventRounds "9"]
[EventCountry "DEN"]
[Source "ChessBase"]
[SourceDate "2010.10.29"]

1. c4 Nf6 2. Nc3 g6 3. e4 d6 4. d4 Bg7 5. f3 O-O 6. Be3 c6 7. Qd2 a6 8. O-O-O
b5 9. Bd3 Nbd7 10. Kb1 e5 11. dxe5 dxe5 12. g4 h5 13. gxh5 Nxh5 14. Nce2 Qe7
15. Ng3 Ndf6 16. Bg5 Qe6 17. c5 a5 18. N1e2 b4 19. Qc1 Nxg3 20. Nxg3 a4 21. Bc4
Qe7 22. Rd6 Rd8 23. Rxd8+ Qxd8 24. h4 Qf8 25. h5 Nxh5 26. Nxh5 gxh5 27. Rxh5 b3
28. Qg1 bxa2+ 29. Ka1 Be6 30. Bf6 a3 31. b3 Bxc4 32. Rg5 1-0

[Event "Xtracon GM"]
[Site "Borup"]
[Date "2010.09.04"]
[Round "2"]
[White "Andersen, Mads"]
[Black "Frisk, Ellinor"]
[Result "1-0"]
[WhiteElo "2385"]
[BlackElo "2113"]
[PlyCount "69"]
[EventDate "2010.09.03"]
[EventType "swiss"]
[EventRounds "9"]
[EventCountry "DEN"]
[Source "ChessBase"]
[SourceDate "2010.10.29"]

1. e4 e6 2. d4 d5 3. Nc3 Bb4 4. e5 c5 5. a3 Bxc3+ 6. bxc3 Qc7 7. Qg4 f5 8. Qg3
cxd4 9. cxd4 Ne7 10. Ne2 O-O 11. c3 b6 12. Nf4 Qd7 13. a4 Ba6 14. Bb5 Bxb5 15.
axb5 Rc8 16. Nh5 Ng6 17. Bh6 Qxb5 18. Nxg7 Kf7 19. h4 Nd7 20. h5 Ne7 21. Bg5
Rg8 22. h6 a5 23. Qf3 Rgf8 24. g4 a4 25. gxf5 Nxf5 26. Nxf5 exf5 27. Qxf5+ Kg8
28. Qg4 a3 29. Bf6+ Kf7 30. Qg7+ Ke6 31. Qe7+ Kf5 32. Qxh7+ Ke6 33. Qe7+ Kf5
34. Rh5+ Ke4 35. Qh7+ 1-0

[Event "Xtracon GM"]
[Site "Borup"]
[Date "2010.09.04"]
[Round "2"]
[White "Andersen, Morten"]
[Black "Teplyi, Igor"]
[Result "0-1"]
[WhiteElo "2179"]
[BlackElo "2408"]
[PlyCount "100"]
[EventDate "2010.09.03"]
[EventType "swiss"]
[EventRounds "9"]
[EventCountry "DEN"]
[Source "ChessBase"]
[SourceDate "2010.10.29"]

1. f4 c5 2. Nf3 Nc6 3. g3 g6 4. Bg2 Bg7 5. d3 d6 6. c3 Nh6 7. e4 O-O 8. O-O f5
9. Nbd2 Nf7 10. a4 e6 11. Re1 Re8 12. Nf1 Rb8 13. Be3 b6 14. Bf2 Bb7 15. N1d2
Qd7 16. d4 cxd4 17. Nxd4 Nxd4 18. Bxd4 e5 19. Bf2 exf4 20. gxf4 Bh6 21. Bg3 Bc6
22. b3 Qb7 23. Qc2 Bg7 24. Re2 fxe4 25. Nxe4 d5 26. Ng5 Rxe2 27. Qxe2 Re8 28.
Qd3 Nd6 29. Re1 Rxe1+ 30. Bxe1 d4 31. Bh3 Bf6 32. cxd4 Bxg5 33. fxg5 Qe7 34.
Bd2 Bd5 35. Bg2 Qe6 36. Qg3 Bxg2 37. Qxg2 Qxb3 38. Qe2 Qb1+ 39. Be1 Qe4 40. Qd2
Qg4+ 41. Bg3 Nf5 42. d5 Kf7 43. a5 b5 44. d6 Qd4+ 45. Qxd4 Nxd4 46. Bf2 Nc6 47.
a6 Ke6 48. Bc5 b4 49. Kf2 b3 50. Ba3 Ne5 0-1

[Event "Xtracon GM"]
[Site "Borup"]
[Date "2010.09.04"]
[Round "2"]
[White "Andersen, Niels Erik"]
[Black "Larsson, Johan"]
[Result "1-0"]
[WhiteElo "1955"]
[BlackElo "2130"]
[PlyCount "57"]
[EventDate "2010.09.03"]
[EventType "swiss"]
[EventRounds "9"]
[EventCountry "DEN"]
[Source "ChessBase"]
[SourceDate "2010.10.29"]

1. d4 d5 2. c4 dxc4 3. e3 Nf6 4. Bxc4 g6 5. Qb3 e6 6. Nf3 Bg7 7. O-O O-O 8. Nc3
b6 9. Rd1 Bb7 10. Ne5 Bd5 11. Nxd5 Nxd5 12. e4 Nf6 13. Qf3 Qe7 14. Bg5 h6 15.
Be3 Nfd7 16. Ng4 h5 17. e5 c6 18. Nh6+ Kh7 19. g4 Bxh6 20. gxh5 Bxe3 21. Qxe3
Rg8 22. Kh1 g5 23. Rg1 b5 24. Bd3+ Kh8 25. h4 f6 26. hxg5 fxg5 27. Rg4 Qg7 28.
Rag1 Nxe5 29. Rxg5 1-0

[Event "Xtracon GM"]
[Site "Borup"]
[Date "2010.09.04"]
[Round "2"]
[White "Bejtovic, Jasmin"]
[Black "Molvig, Henrik"]
[Result "1-0"]
[WhiteElo "2404"]
[BlackElo "2174"]
[PlyCount "89"]
[EventDate "2010.09.03"]
[EventType "swiss"]
[EventRounds "9"]
[EventCountry "DEN"]
[Source "ChessBase"]
[SourceDate "2010.10.29"]

1. c4 Nf6 2. Nc3 g6 3. e4 d6 4. g3 Bg7 5. Bg2 O-O 6. Nge2 c5 7. O-O Nc6 8. a3
Ne8 9. Rb1 a5 10. d3 Nc7 11. Be3 Ne6 12. f4 Ned4 13. h3 e6 14. Kh1 Kh8 15. Bf2
Bd7 16. Re1 Rb8 17. Qd2 Nb3 18. Qc2 Ncd4 19. Nxd4 Bxd4 20. Red1 Bxf2 21. Qxf2
Bc6 22. Ne2 e5 23. f5 f6 24. h4 g5 25. hxg5 fxg5 26. Bf3 Rf6 27. Kg2 Qg8 28.
Bg4 b5 29. cxb5 Rxb5 30. Nc3 Rb7 31. Rh1 c4 32. dxc4 Qxc4 33. Qe3 Rg7 34. Rhd1
Nd4 35. Rbc1 Qf7 36. Ne2 Qb7 37. Nxd4 exd4 38. Rxd4 Qxb2+ 39. Kg1 Qb7 40. Rdc4
d5 41. Rc5 Qd7 42. e5 d4 43. exf6 dxe3 44. fxg7+ Kxg7 45. f6+ 1-0

[Event "Xtracon GM"]
[Site "Borup"]
[Date "2010.09.04"]
[Round "2"]
[White "Christensen, Casper"]
[Black "Hansen, Lars Henrik Bech"]
[Result "1/2-1/2"]
[WhiteElo "1897"]
[BlackElo "2039"]
[PlyCount "27"]
[EventDate "2010.09.03"]
[EventType "swiss"]
[EventRounds "9"]
[EventCountry "DEN"]
[Source "ChessBase"]
[SourceDate "2010.10.29"]

1. e4 e5 2. Nf3 Nc6 3. Bc4 Nf6 4. d3 Bc5 5. Bg5 d6 6. c3 O-O 7. b4 Bb6 8. Nbd2
Qe7 9. Bb3 a6 10. Nc4 Ba7 11. Ne3 Be6 12. Nd5 Bxd5 13. Bxd5 Nd8 14. Nh4 1/2-1/2

[Event "Xtracon GM"]
[Site "Borup"]
[Date "2010.09.04"]
[Round "2"]
[White "Christensen, Henrik"]
[Black "Larsen, Bo Heine"]
[Result "1-0"]
[WhiteElo "2014"]
[BlackElo "1804"]
[PlyCount "53"]
[EventDate "2010.09.03"]
[EventType "swiss"]
[EventRounds "9"]
[EventCountry "DEN"]
[Source "ChessBase"]
[SourceDate "2010.10.29"]

1. c4 e6 2. g3 f5 3. Bg2 Nf6 4. Nc3 Bb4 5. Qc2 O-O 6. Nf3 c6 7. a3 Be7 8. O-O
Na6 9. e4 g6 10. e5 Ne8 11. d4 Nac7 12. Bh6 b6 13. Bxf8 Bxf8 14. d5 Ng7 15.
Rad1 Qe8 16. dxc6 Rb8 17. Nb5 Nxb5 18. cxb5 dxc6 19. bxc6 Ba6 20. Rfe1 b5 21.
Rd7 Rb6 22. Nd4 b4 23. a4 Bc8 24. Rxa7 Qd8 25. Nb5 Qg5 26. Nd6 Ba6 27. c7 1-0

[Event "Xtracon GM"]
[Site "Borup"]
[Date "2010.09.04"]
[Round "2"]
[White "Danielsen, Henrik"]
[Black "Skytte, Rasmus"]
[Result "0-1"]
[WhiteElo "2529"]
[BlackElo "2400"]
[PlyCount "62"]
[EventDate "2010.09.03"]
[EventType "swiss"]
[EventRounds "9"]
[EventCountry "DEN"]
[Source "ChessBase"]
[SourceDate "2010.10.29"]

1. d4 Nf6 2. Bf4 c5 3. e3 d5 4. c3 Nc6 5. Nd2 e6 6. Ngf3 Bd6 7. Bg3 O-O 8. Bd3
Re8 9. Ne5 Bxe5 10. dxe5 Nd7 11. Nf3 Nf8 12. h4 f5 13. h5 a6 14. Bf4 b5 15. Rg1
d4 16. exd4 cxd4 17. g4 dxc3 18. bxc3 Ra7 19. Qe2 Ne7 20. Rc1 Rd7 21. Bb1 Bb7
22. Nd4 Nd5 23. Bd2 f4 24. Nb3 Qe7 25. c4 bxc4 26. Rxc4 f3 27. Qf1 Nb6 28. Rf4
Red8 29. g5 Rxd2 30. Nxd2 Qa3 31. Nb3 Qb2 0-1

[Event "Xtracon GM"]
[Site "Borup"]
[Date "2010.09.04"]
[Round "2"]
[White "Doluhanova, Evgeniya"]
[Black "Christensen, John"]
[Result "1-0"]
[WhiteElo "2259"]
[BlackElo "2106"]
[PlyCount "21"]
[EventDate "2010.09.03"]
[EventType "swiss"]
[EventRounds "9"]
[EventCountry "DEN"]
[Source "ChessBase"]
[SourceDate "2010.10.29"]

1. e4 b6 2. d4 Bb7 3. Bd3 e6 4. Nf3 c5 5. c3 Be7 6. O-O d6 7. Nbd2 g5 8. e5
dxe5 9. Nxe5 cxd4 10. Bb5+ Kf8 11. Qh5 1-0

[Event "Xtracon GM"]
[Site "Borup"]
[Date "2010.09.04"]
[Round "2"]
[White "Hillarp Persson, Tiger"]
[Black "Tikkanen, Hans"]
[Result "0-1"]
[WhiteElo "2517"]
[BlackElo "2507"]
[PlyCount "116"]
[EventDate "2010.09.03"]
[EventType "swiss"]
[EventRounds "9"]
[EventCountry "DEN"]
[Source "ChessBase"]
[SourceDate "2010.10.29"]

1. d4 d5 2. c4 c6 3. Nf3 Nf6 4. e3 Bg4 5. h3 Bh5 6. Nc3 e6 7. g4 Bg6 8. Ne5
Nbd7 9. Nxg6 hxg6 10. a3 Be7 11. Qf3 Rc8 12. g5 Ne4 13. Nxe4 dxe4 14. Qxe4 Bxg5
15. Bg2 Qa5+ 16. Bd2 Qf5 17. Bc3 Bf6 18. Rc1 Rh4 19. Qxf5 gxf5 20. Ke2 b6 21.
b4 c5 22. dxc5 Bxc3 23. Rxc3 bxc5 24. f4 e5 25. Kf3 e4+ 26. Kf2 Rh6 27. Rd1
cxb4 28. axb4 Rb6 29. b5 Rxb5 30. Rc2 Rbc5 31. Bf1 Nb6 32. Ra2 R8c7 33. Rda1
Nxc4 34. Rxa7 Nb2 35. Rxc7 Rxc7 36. h4 g6 37. h5 gxh5 38. Kg3 Rc3 39. Kh4 Rxe3
40. Bh3 Nd3 41. Bxf5 Ke7 42. Ra3 Re1 43. Bxe4 Nxf4 44. Bf3 Re5 45. Ra4 Ng6+ 46.
Kg3 Kf6 47. Ra7 Rg5+ 48. Kf2 Rf5 49. Ke3 Ne5 50. Be2 Ng4+ 51. Kd2 Kg5 52. Ra1
Kf4 53. Ra3 Rd5+ 54. Ke1 f5 55. Kf1 h4 56. Kg1 Re5 57. Kf1 Re3 58. Ra8 h3 0-1

[Event "Xtracon GM"]
[Site "Borup"]
[Date "2010.09.04"]
[Round "2"]
[White "Holtzmann, Sonny Reimer"]
[Black "Johannsen, Kaj"]
[Result "1/2-1/2"]
[WhiteElo "1738"]
[BlackElo "1981"]
[PlyCount "84"]
[EventDate "2010.09.03"]
[EventType "swiss"]
[EventRounds "9"]
[EventCountry "DEN"]
[Source "ChessBase"]
[SourceDate "2010.10.29"]

1. b4 Nf6 2. Bb2 d5 3. e3 g6 4. c4 c6 5. b5 Bg7 6. Nf3 O-O 7. Be2 a6 8. a4 axb5
9. axb5 Rxa1 10. Bxa1 dxc4 11. Bxc4 cxb5 12. Bxb5 Qa5 13. Qa4 Qxa4 14. Bxa4 Bf5
15. O-O Rc8 16. Nc3 Bd3 17. Rd1 Nc6 18. Bxc6 Rxc6 19. Ne5 Rd6 20. Nxd3 Rxd3 21.
Kf1 Nd7 22. Ke2 Rd6 23. Ne4 Rc6 24. Bxg7 Kxg7 25. d4 Rb6 26. Rd2 h5 27. Rc2 Nf6
28. Kf3 Nxe4 29. Kxe4 Kf6 30. h4 Rb3 31. Kf4 Rb4 32. Ke4 e5 33. f4 exd4 34.
exd4 Ke6 35. Rc5 f6 36. f5+ gxf5+ 37. Kf3 Rxd4 38. Rb5 Rd7 39. g3 Rc7 40. Kf4
Rc4+ 41. Kf3 Rc7 42. Kf4 Rc4+ 1/2-1/2

[Event "Xtracon GM"]
[Site "Borup"]
[Date "2010.09.04"]
[Round "2"]
[White "Hubka, Roland"]
[Black "Thomsen, Peter"]
[Result "1-0"]
[WhiteElo "2048"]
[BlackElo "1930"]
[PlyCount "117"]
[EventDate "2010.09.03"]
[EventType "swiss"]
[EventRounds "9"]
[EventCountry "DEN"]
[Source "ChessBase"]
[SourceDate "2010.10.29"]

1. Nf3 Nf6 2. c4 d6 3. g3 g6 4. Bg2 Bg7 5. O-O O-O 6. Nc3 c5 7. a3 Nc6 8. Rb1
Bf5 9. d3 Qd7 10. Re1 Bh3 11. Bh1 h6 12. Bd2 Rac8 13. b4 b6 14. b5 Nd4 15. e3
Nxf3+ 16. Bxf3 Bg4 17. e4 Bxf3 18. Qxf3 Ng4 19. Nd5 Rfe8 20. Ne3 Ne5 21. Qe2
Qh3 22. f4 Nd7 23. Qg2 Qxg2+ 24. Kxg2 e6 25. a4 Ra8 26. a5 Red8 27. a6 Rf8 28.
Rb3 Rad8 29. g4 Kh7 30. Bc3 Bxc3 31. Rxc3 Kg7 32. Rc2 Rh8 33. Rd2 h5 34. g5 Kf8
35. h4 Kg7 36. Rf1 Rhe8 37. Kf3 Kf8 38. Rdf2 Kg7 39. Ke2 Re7 40. Kd2 Kg8 41.
Kc3 Kf8 42. f5 Kg8 43. Ng2 exf5 44. exf5 d5 45. fxg6 d4+ 46. Kd2 fxg6 47. Nf4
Ne5 48. Nd5 Rf7 49. Rxf7 Nxf7 50. Rf6 Kg7 51. Nxb6 axb6 52. Rxb6 Ra8 53. Rc6
Ne5 54. Rc7+ Kf8 55. a7 Re8 56. b6 Nf3+ 57. Kc2 Ne1+ 58. Kb3 Nxd3 59. b7 1-0

[Event "Xtracon GM"]
[Site "Borup"]
[Date "2010.09.04"]
[Round "2"]
[White "Hvenekilde, Jorgen"]
[Black "Sylvan, Jacob"]
[Result "1/2-1/2"]
[WhiteElo "2107"]
[BlackElo "2238"]
[PlyCount "50"]
[EventDate "2010.09.03"]
[EventType "swiss"]
[EventRounds "9"]
[EventCountry "DEN"]
[Source "ChessBase"]
[SourceDate "2010.10.29"]

1. d4 d5 2. Nf3 Nf6 3. g3 Bf5 4. Bg2 e6 5. O-O Bd6 6. c4 c6 7. b3 O-O 8. Bb2 h6
9. Nbd2 Nbd7 10. c5 Bc7 11. b4 Qe7 12. Nb3 e5 13. dxe5 Nxe5 14. Nxe5 Bxe5 15.
Bxe5 Qxe5 16. Nd4 Be4 17. e3 Bxg2 18. Kxg2 Ne4 19. Rc1 a6 20. Qe2 Rfe8 21. Rfd1
Ng5 22. h4 Ne6 23. Qf3 g6 24. a4 Kg7 25. Rd2 Nxd4 1/2-1/2

[Event "Xtracon GM"]
[Site "Borup"]
[Date "2010.09.04"]
[Round "2"]
[White "Jensen, Soren Holm"]
[Black "Wiecker, Stefan"]
[Result "0-1"]
[WhiteElo "2024"]
[BlackElo "2157"]
[PlyCount "74"]
[EventDate "2010.09.03"]
[EventType "swiss"]
[EventRounds "9"]
[EventCountry "DEN"]
[Source "ChessBase"]
[SourceDate "2010.10.29"]

1. e4 c5 2. Nf3 d6 3. d4 cxd4 4. Qxd4 Nc6 5. Bb5 Bd7 6. Bxc6 Bxc6 7. Nc3 Nf6 8.
Bg5 Qb6 9. Qxb6 axb6 10. Bxf6 gxf6 11. O-O b5 12. a3 Rg8 13. Nd4 Rg5 14. f4 Rc5
15. Rfe1 e6 16. Nb3 Rh5 17. Nd4 Be7 18. f5 Kd7 19. Rad1 Ra5 20. Rf1 Bd8 21. Kh1
Ke7 22. Nb3 Ra6 23. Nd4 Rb6 24. Rde1 b4 25. Nd5+ Bxd5 26. exd5 e5 27. a4 Rh4
28. Nb5 Rc4 29. Rf2 Ra6 30. b3 Bb6 31. bxc4 Bxf2 32. Ra1 Ra8 33. a5 Kd7 34. Rf1
Rxa5 35. g4 Be3 36. c3 Ra4 37. Rf3 b3 0-1

[Event "Xtracon GM"]
[Site "Borup"]
[Date "2010.09.04"]
[Round "2"]
[White "Jorgensen, Orla Eilegaard"]
[Black "Molvig, Julius"]
[Result "0-1"]
[WhiteElo "1680"]
[BlackElo "1801"]
[PlyCount "140"]
[EventDate "2010.09.03"]
[EventType "swiss"]
[EventRounds "9"]
[EventCountry "DEN"]
[Source "ChessBase"]
[SourceDate "2010.10.29"]

1. f4 d5 2. Nf3 c5 3. e3 Nf6 4. d3 Nc6 5. g3 Bf5 6. Bg2 e6 7. Nc3 Be7 8. a3 O-O
9. O-O Rc8 10. Bd2 Qb6 11. Rb1 d4 12. Ne2 dxe3 13. Bxe3 Nd5 14. Bf2 Qa5 15. Be1
Qa6 16. Bf2 c4 17. dxc4 Qxc4 18. Ned4 Nxd4 19. Nxd4 Bxc2 20. Nxc2 Qxc2 21. Bxa7
Bc5+ 22. Bxc5 Qxc5+ 23. Rf2 Ne3 24. Qe2 Qf5 25. Qe1 b6 26. Rc1 Rxc1 27. Qxc1
Nxg2 28. Kxg2 Qe4+ 29. Kg1 Qd4 30. Qc2 Rd8 31. Kg2 Qd5+ 32. Kg1 h6 33. b4 Qd4
34. Kg2 Qe3 35. a4 Rd5 36. Qc8+ Kh7 37. Qc2+ Rd3 38. Re2 Qf3+ 39. Kg1 g6 40. a5
bxa5 41. bxa5 Ra3 42. Qd2 Rd3 43. Qc2 Ra3 44. Qd2 Rxa5 45. Qxa5 Qxe2 46. Qa7
Qd1+ 47. Kf2 Qc2+ 48. Ke3 Qf5 49. g4 Qf6 50. h4 Kg7 51. g5 Qc3+ 52. Ke2 h5 53.
Qe7 Qd4 54. Kf3 Qd3+ 55. Kf2 Qe4 56. Qf6+ Kg8 57. Qd8+ Kh7 58. Qf8 Qxf4+ 59.
Ke2 Qe5+ 60. Kf3 Qf5+ 61. Ke3 e5 62. Qe7 Kg7 63. Ke2 Qe4+ 64. Kd2 Qd4+ 65. Ke2
e4 66. Ke1 e3 67. Ke2 Qd2+ 68. Kf3 Qf2+ 69. Ke4 Qxh4+ 70. Kxe3 Qe1+ 0-1

[Event "Xtracon GM"]
[Site "Borup"]
[Date "2010.09.04"]
[Round "2"]
[White "Knudsen, Jes West"]
[Black "Jensen, Stein"]
[Result "1-0"]
[WhiteElo "1996"]
[BlackElo "2063"]
[PlyCount "61"]
[EventDate "2010.09.03"]
[EventType "swiss"]
[EventRounds "9"]
[EventCountry "DEN"]
[Source "ChessBase"]
[SourceDate "2010.10.29"]

1. e4 e5 2. Bc4 Bc5 3. d4 exd4 4. Bxf7+ Kxf7 5. Qh5+ g6 6. Qxc5 Nc6 7. Nf3 d6
8. Qa3 h6 9. O-O Kg7 10. b4 Bg4 11. Bb2 Bxf3 12. Qxf3 Qf8 13. b5 Qxf3 14. gxf3
Na5 15. Bxd4+ Nf6 16. Nd2 b6 17. f4 Rhd8 18. Bc3 Nb7 19. Rae1 Kf7 20. Nf3 a6
21. e5 Nd5 22. e6+ Ke7 23. Bg7 axb5 24. Bxh6 Rxa2 25. Nd4 Na5 26. Bg5+ Nf6 27.
c3 c5 28. Nxb5 d5 29. Nc7 Rd6 30. Bxf6+ Kxf6 31. e7 1-0

[Event "Xtracon GM"]
[Site "Borup"]
[Date "2010.09.04"]
[Round "2"]
[White "Kulaots, Kaido"]
[Black "Antonsen, Mikkel"]
[Result "1-0"]
[WhiteElo "2592"]
[BlackElo "2471"]
[PlyCount "43"]
[EventDate "2010.09.03"]
[EventType "swiss"]
[EventRounds "9"]
[EventCountry "DEN"]
[Source "ChessBase"]
[SourceDate "2010.10.29"]

1. e4 e5 2. Nf3 Nc6 3. Bb5 Nf6 4. d3 Bc5 5. c3 O-O 6. O-O d6 7. Nbd2 a6 8. Ba4
Ba7 9. h3 b5 10. Bb3 Bb7 11. a4 d5 12. exd5 Nxd5 13. Ne4 Qd7 14. Re1 Kh8 15.
axb5 axb5 16. d4 exd4 17. cxd4 Ncb4 18. Ne5 Qf5 19. Ng3 Qf6 20. Nh5 Qh4 21.
Rxa7 Rxa7 22. Bg5 1-0

[Event "Xtracon GM"]
[Site "Borup"]
[Date "2010.09.04"]
[Round "2"]
[White "Mollmann, Erik"]
[Black "Krogh, Peter Ove"]
[Result "0-1"]
[WhiteElo "1694"]
[BlackElo "1922"]
[PlyCount "80"]
[EventDate "2010.09.03"]
[EventType "swiss"]
[EventRounds "9"]
[EventCountry "DEN"]
[Source "ChessBase"]
[SourceDate "2010.10.29"]

1. d4 Nf6 2. Nf3 e6 3. c4 b6 4. Nc3 Bb4 5. Qb3 a5 6. a3 a4 7. Qc2 Bxc3+ 8. Qxc3
Bb7 9. g3 Ne4 10. Qd3 O-O 11. Bg2 f5 12. O-O Ra7 13. Nd2 Nxd2 14. Bxd2 Bxg2 15.
Kxg2 d5 16. Rac1 c6 17. f3 Rff7 18. Rfe1 Kh8 19. cxd5 cxd5 20. Bf4 Nd7 21. Rc6
g5 22. Rec1 Qf6 23. Bd6 Kg7 24. Rc7 Rxc7 25. Rxc7 Kg6 26. e3 h5 27. Qb5 Qd8 28.
Qxa4 g4 29. f4 h4 30. Qa6 hxg3 31. hxg3 Qh8 32. Qf1 Rh7 33. Qg1 Qe8 34. Bb4 Rh3
35. Rc6 Kf7 36. Rc2 Nf6 37. Kf1 Qh8 38. Rc7+ Kg6 39. Kg2 Ne4 40. Be1 Rxg3+ 0-1

[Event "Xtracon GM"]
[Site "Borup"]
[Date "2010.09.04"]
[Round "2"]
[White "Nielsen, Morten"]
[Black "Wilton, Lars"]
[Result "0-1"]
[WhiteElo "1935"]
[BlackElo "2136"]
[PlyCount "52"]
[EventDate "2010.09.03"]
[EventType "swiss"]
[EventRounds "9"]
[EventCountry "DEN"]
[Source "ChessBase"]
[SourceDate "2010.10.29"]

1. e4 d5 2. exd5 Nf6 3. Bb5+ Bd7 4. Bc4 b5 5. Bb3 Bg4 6. f3 Bc8 7. Qe2 a6 8. a4
b4 9. d4 Nxd5 10. c4 Nf6 11. Be3 e6 12. Qf2 Be7 13. Ne2 O-O 14. O-O a5 15. Rd1
Nbd7 16. Nd2 Bb7 17. Nf1 Qc8 18. Rac1 Re8 19. g4 e5 20. d5 e4 21. g5 exf3 22.
Qxf3 Ne5 23. Qg3 Nfg4 24. Bf4 Bc5+ 25. Kg2 Bf2 26. Qh3 Ng6 0-1

[Event "Xtracon GM"]
[Site "Borup"]
[Date "2010.09.04"]
[Round "2"]
[White "Pedersen, Henrik Dahl"]
[Black "Brondum, Eric"]
[Result "1/2-1/2"]
[WhiteElo "2235"]
[BlackElo "2105"]
[PlyCount "135"]
[EventDate "2010.09.03"]
[EventType "swiss"]
[EventRounds "9"]
[EventCountry "DEN"]
[Source "ChessBase"]
[SourceDate "2010.10.29"]

1. d4 Nf6 2. c4 e5 3. dxe5 Ng4 4. Nf3 Bc5 5. e3 Nc6 6. Be2 Ngxe5 7. Nc3 O-O 8.
a3 a5 9. O-O Re8 10. Nd5 Nxf3+ 11. Bxf3 Ne5 12. b3 Ra6 13. Bb2 Rh6 14. g3 c6
15. Nf4 Nxf3+ 16. Qxf3 d6 17. Rfe1 Qg5 18. e4 Bg4 19. Qg2 Qd8 20. Rab1 Qc8 21.
b4 axb4 22. axb4 Bb6 23. Bc3 Be6 24. Rec1 Bg4 25. b5 Bc5 26. bxc6 bxc6 27. Nd3
Be6 28. Bd2 Bh3 29. Qf3 Bg4 30. Qh1 Rf6 31. Nxc5 Bf3 32. e5 Bxh1 33. exf6 Bf3
34. Rb3 dxc5 35. Rxf3 Qg4 36. Re3 Rxe3 37. Bxe3 h5 38. h4 Qf5 39. fxg7 Kxg7 40.
Rd1 Qc2 41. Rd6 Qxc4 42. Rxc6 Qe4 43. Rxc5 f5 44. Kf1 Qd3+ 45. Ke1 Kf7 46. Rc1
Qe4 47. Ke2 Qg4+ 48. Kd2 Qe4 49. Rc3 Qd5+ 50. Rd3 Qa2+ 51. Ke1 Qc2 52. Rd2 Qe4
53. Rd4 Qc2 54. Kf1 Qb1+ 55. Ke2 Qh1 56. f3 Qb1 57. g4 Qc2+ 58. Bd2 fxg4 59.
fxg4 hxg4 60. Rxg4 Qc5 61. Be3 Qh5 62. Kf3 Kf6 63. Kg3 Qe5+ 64. Bf4 Qc3+ 65.
Kh2 Kf5 66. Rg3 Qc2+ 67. Rg2 Qxg2+ 68. Kxg2 1/2-1/2

[Event "Xtracon GM"]
[Site "Borup"]
[Date "2010.09.04"]
[Round "2"]
[White "Pedersen, Sven"]
[Black "Pedersen, Hans Dahl"]
[Result "1-0"]
[WhiteElo "2106"]
[BlackElo "2206"]
[PlyCount "69"]
[EventDate "2010.09.03"]
[EventType "swiss"]
[EventRounds "9"]
[EventCountry "DEN"]
[Source "ChessBase"]
[SourceDate "2010.10.29"]

1. e4 c5 2. Nf3 e6 3. d4 cxd4 4. Nxd4 a6 5. Bd3 Qc7 6. O-O Nf6 7. Qe2 d6 8. a4
b6 9. Nc3 Bb7 10. f4 Nbd7 11. Nb3 g6 12. e5 Ng8 13. exd6 Bxd6 14. Ne4 Be7 15.
Bd2 Ngf6 16. Rae1 O-O 17. Ng5 Nc5 18. Nxc5 Bxc5+ 19. Kh1 Rfe8 20. Bc3 Nd5 21.
Be5 Qe7 22. Nxh7 Qh4 23. c4 Kxh7 24. cxd5 Bxd5 25. Be4 f6 26. Bc3 Kg7 27. g3
Qh3 28. Qg2 Bxe4 29. Rxe4 Qf5 30. Rfe1 Rad8 31. g4 Qd5 32. g5 Kf7 33. Bxf6 Rd7
34. Qh3 e5 35. Bxe5 1-0

[Event "Xtracon GM"]
[Site "Borup"]
[Date "2010.09.04"]
[Round "2"]
[White "Preuss, Flemming"]
[Black "Schmidt, Horst Hubert"]
[Result "0-1"]
[WhiteElo "2034"]
[BlackElo "1869"]
[PlyCount "72"]
[EventDate "2010.09.03"]
[EventType "swiss"]
[EventRounds "9"]
[EventCountry "DEN"]
[Source "ChessBase"]
[SourceDate "2010.10.29"]

1. f4 d5 2. Nf3 Nf6 3. c3 e6 4. d3 Bd6 5. Qc2 O-O 6. e4 dxe4 7. dxe4 Bc5 8. h3
Nh5 9. g4 Ng3 10. Rh2 Nxf1 11. Kxf1 b6 12. Rd2 Qe8 13. Rd1 a5 14. Kg2 f5 15.
Re1 Bb7 16. exf5 Qc6 17. Nbd2 exf5 18. g5 Na6 19. Kg3 Rad8 20. Rf1 Be3 21. Nb3
Bc5 22. Qe2 Rfe8 23. Ne5 Qd5 24. Bd2 a4 25. Nxc5 Nxc5 26. Be3 Ne4+ 27. Kh4 a3
28. Rfd1 axb2 29. Rxd5 bxa1=Q 30. Rxd8 Rxd8 31. Qc4+ Bd5 32. Qxc7 Qe1+ 33. Kh5
Ng3+ 34. Kh4 Rf8 35. Bd4 Ne2+ 36. Kh5 Nxf4# 0-1